Les curiosités de l'exposition de 1878 (Record no. 68600)

MARC details
000 -LEADER
campo de control de longitud fija 00646nam a22001935i 4500
001 - NÚMERO DE CONTROL
campo de control 68600
003 - IDENTIFICADOR DE NÚMERO DE CONTROL
campo de control ES-MaACL
005 - FECHA Y HORA DE LA ÚLTIMA TRANSACCIÓN
campo de control 20230906170321.0
007 - CAMPO FIJO DE DESCRIPCIÓN FÍSICA--INFORMACIÓN GENERAL
campo de control de longitud fija t|
008 - DATOS DE LONGITUD FIJA--INFORMACIÓN GENERAL
campo de control de longitud fija 960812s1878 fr ||||1| fre d
040 ## - FUENTE DE CATALOGACIÓN
Centro catalogador/agencia de origen CAM
Lengua de catalogación spa
Centro/agencia transcriptor CAM
100 1# - ENTRADA PRINCIPAL--NOMBRE DE PERSONA
Nombre de persona Gautier, Hippolyte.
9 (RLIN) 56049
245 14 - MENCIÓN DEL TÍTULO
Título Les curiosités de l'exposition de 1878
Resto del título : guide du visiteur /
Mención de responsabilidad, etc. par Hippolyte Gautier et Adrien Desprez.
260 ## - PUBLICACIÓN, DISTRIBUCIÓN, ETC.
Lugar de publicación, distribución, etc. Paris :
Nombre del editor, distribuidor, etc. librairie Ch. Delagrave,
Fecha de publicación, distribución, etc. 1878 (
Fabricante typographie Lahure)
300 ## - DESCRIPCIÓN FÍSICA
Extensión [4], 228 p. ;
Dimensiones 18 cm.
611 2# - PUNTO DE ACCESO ADICIONAL DE MATERIA--NOMBRE DE REUNIÓN/CONGRESO
Nombre de congreso/reunión o jurisdicción como elemento de entrada Exposition Universelle.
Fecha del congreso o de la firma del tratado 1878.
Sede del congreso/Lugar de la reunión Paris)
9 (RLIN) 135143
700 1# - ENTRADA AGREGADA--NOMBRE PERSONAL
Nombre de persona Desprez, Adrien.
9 (RLIN) 43925
852 ## - LOCALIZACIÓN
Ubicación ES-MaACL
Número de control de estantería G-413
Holdings
Estatus retirado Estado de pérdida Estado de daño No para préstamo Colección Biblioteca de origen Biblioteca actual Ubicación en estantería Fecha de adquisición Fuente de adquisición Total de préstamos Signatura topográfica completa Código de barras Visto por última vez Precio de reemplazo Tipo de ítem Koha
        Libros del s. XIX Biblioteca del Ateneo de Madrid Biblioteca del Ateneo de Madrid Depósito 2 17/01/2008     G-413 1071818 23/02/2023 23/02/2023 Libro impreso antiguo